| 000 | 02467nam a2200373 i 4500 | ||
|---|---|---|---|
| 001 | 193407 | ||
| 003 | ES-MaACL | ||
| 005 | 20250709184438.0 | ||
| 007 | ta | ||
| 008 | 231121b sp ||||| |||| 00| 0 spa d | ||
| 020 | _a9782342034875 | ||
| 040 |
_bspa _cES-MaACL |
||
| 080 | _a94(460)"1936/39"(093.3) | ||
| 100 | 1 |
_9234569 _aRejas, Mari Carmen, _d1955- _eaut |
|
| 245 | 1 | 0 |
_a1936, itinéraire d'un enfant espagnol : _bPaco, l'impossible oubli / _cMari Carmen Rejas ; [préface de Carmen Pineira-Tresmontant] |
| 260 |
_aParis : _bSociété des Écrivains; _c[2015] |
||
| 300 |
_a98 páginas : _bilustraciones (blanco y negro) ; _c21 cm |
||
| 336 |
_2rdacontent _aTexto |
||
| 337 |
_2rdamedia _asin mediación |
||
| 338 |
_2rdacarrier _avolumen |
||
| 500 | _aÍndice | ||
| 500 | _aEn cub.: Témoignage | ||
| 520 | _aComment, vivant à Madrid en 1936, Paco s'est-il retrouvé en Belgique en 1939 ? Fils de républicain espagnol, il doit fuir l'Espagne au moment de la guerre civile, alors qu'il a à peine dix ans. Avant de quitter son pays, il passe pratiquement trois ans dans ce qu'on appelle alors las colonias. Comme bon nombre d'enfants, il est envoyé avec ses sœurs au début de la guerre dans ces « lieux de vacances » afin de les protéger des bombardements et des atrocités d'un conflit armé qui s'annonce avec force... Francisco Rejas a aujourd'hui quatre-vingt-cinq ans. Il en avait sept lorsqu'il fut séparé de ses parents... Il s'est confié à sa fille, dévoilant son incroyable parcours de niño de guerra. À travers ce témoignage poignant, grande et petite histoire s'entremêlent. Celle d'une famille, celle de l'Espagne entière. Celle de la guerre, de l'exil, du déracinement, mais aussi des retrouvailles. Une page de vie saisissante pour un indispensable devoir de mémoire. | ||
| 651 | 4 |
_aEspaña- _xHistoria- _y1936-1939, Guerra civil- _vRelatos personales _98326 |
|
| 700 | 1 |
_9234557 _aPineira-Tresmontant, Carmen _eaui |
|
| 852 |
_aES-MaACL _bR. 154798 _cDEPOJ _jN-9558 _9200863 _hDonación: Mari Carmen Rejas _xEncuadernación rústica |
||
| 903 |
_9234569 _aRejas, Mari Carmen, _d1955- _ednr |
||
| 942 |
_n0 _cMONOGRAFIA |
||
| 999 |
_c193407 _d193407 |
||